Institucionalidad democrática y dinámica de la economía
Saved in:
| Main Author: | |
|---|---|
| Format: | Book |
| Language: | Spanish |
| Published: |
Santiago
Corporación de Estudios Liberales
1989
|
| Subjects: | |
| Tags: |
Add Tag
No Tags, Be the first to tag this record!
|
MARC
| LEADER | 00000nam a2200000 a 4500 | ||
|---|---|---|---|
| 001 | UCV1476 | ||
| 003 | CL-VaPUC | ||
| 005 | 20250103112208.0 | ||
| 008 | 900712e19890000cl 1 spa d | ||
| 082 | 0 | 4 | |a 330.126 |b MAR |2 21 |
| 100 | |a Martínez Ramírez, Guillermo E. |e autor |9 616389 | ||
| 245 | 1 | 0 | |a Institucionalidad democrática y dinámica de la economía |
| 260 | |a Santiago |b Corporación de Estudios Liberales |c 1989 | ||
| 300 | |a 296 p | ||
| 583 | |a last modification |c 19900712 00:00:00 |k Rodrigo Vera | ||
| 650 | 0 | 0 | |a Economía social de mercado |9 258280 |
| 942 | |c BK | ||
| 945 | |d 19900712 00:00:00 | ||
| 546 | |a En Español | ||
| 536 | |a Corporación de Estudios Liberales | ||
| 518 | |p Seminario Internacional sobre Economía y Derecho, Santiago de Chile, 7 al 10 de junio de 1989 | ||
| 999 | |c 381921 |d 381919 | ||
| 952 | |0 0 |1 0 |4 0 |6 330_126000000000000_MAR_1989 |7 0 |8 A |9 503190 |a BIBDER |b BIBDER |d 2020-01-23 |i 2521423 |o 330.126 MAR 1989 |p 2521423 |r 2023-01-25 |w 2020-01-23 |y BK |k DER | ||
| 952 | |0 0 |1 0 |4 0 |6 330_126000000000000_MAR_1989 |7 0 |8 A |9 503191 |a BIBHIS |b BIBHIS |d 2020-01-23 |i 120906K |o 330.126 MAR 1989 |p 120906K |r 2025-01-20 |w 2020-01-23 |y BK |k HIS | ||